[Event "22MCRW_F"]
[Site "?"]
[Date "2010.??.??"]
[Round "?"]
[White "Laurenc, Petr"]
[Black "Hybl, Vladislav"]
[Result "1/2-1/2"]
[WhiteElo "2349"]
[BlackElo "2342"]
[PlyCount "90"]
[EventDate "2010.??.??"]
[EventType "corr"]
[EventRounds "1"]
[SourceDate "2010.03.27"]

1. e4 c5 2. Nf3 Nc6 3. d4 cxd4 4. Nxd4 Nf6 5. Nc3 e5 6. Ndb5 d6 7. Bg5 a6 8.
Na3 b5 9. Nd5 Be7 10. Bxf6 Bxf6 11. c3 O-O 12. Nc2 Bg5 13. a4 bxa4 14. Rxa4 a5
15. Bc4 Rb8 16. b3 Kh8 17. O-O f5 18. exf5 Bxf5 19. Nce3 Bg6 20. Qe2 e4 21. Nc2
Qc8 22. Nd4 Nxd4 23. cxd4 Bd8 24. Qe3 Qg4 25. h3 Qh4 26. Ra2 h6 27. Re1 Bh7 28.
Kh2 a4 29. g3 Qh5 30. Nf4 Qf5 31. bxa4 Qa5 32. Rc1 Bg5 33. Be6 Rf6 34. d5 Rbf8
35. Kh1 Bxf4 36. gxf4 Bf5 37. Qc3 Qxc3 38. Rxc3 Bxe6 39. dxe6 Rxe6 40. a5 d5
41. a6 Ra8 42. a7 Re7 43. Rca3 d4 44. Kg2 d3 45. Kf1 Rf7 1/2-1/2

[Event "22MCRW_F"]
[Site "?"]
[Date "2010.??.??"]
[Round "?"]
[White "Binas, Jindrich"]
[Black "Kuta, Jiri"]
[Result "1/2-1/2"]
[WhiteElo "2197"]
[BlackElo "2410"]
[PlyCount "54"]
[EventDate "2010.??.??"]
[EventType "corr"]
[EventRounds "1"]
[SourceDate "2010.03.27"]

1. e4 e5 2. Nf3 Nc6 3. Bb5 a6 4. Ba4 Nf6 5. O-O Be7 6. Re1 b5 7. Bb3 O-O 8. h3
Bb7 9. d3 Re8 10. a4 h6 11. Nc3 b4 12. Nd5 Na5 13. Nxe7+ Rxe7 14. Ba2 d5 15.
Nh4 dxe4 16. Nf5 Rd7 17. Re3 b3 18. Rg3 exd3 19. Rxg7+ Kh8 20. Qd2 Ng8 21. Qxa5
bxa2 22. Qxe5 f6 23. Qg3 Be4 24. Rxd7 Qxd7 25. Nxh6 dxc2 26. Nxg8 Rxg8 27. Qh4+
Qh7 1/2-1/2

[Event "22MCRW_F"]
[Site "?"]
[Date "2010.??.??"]
[Round "?"]
[White "Novak, Vratislav"]
[Black "Pravec, Ladislav"]
[Result "1/2-1/2"]
[WhiteElo "2337"]
[BlackElo "2335"]
[PlyCount "55"]
[EventDate "2010.??.??"]
[EventType "corr"]
[EventRounds "1"]
[SourceDate "2010.03.27"]

1. e4 c5 2. Nf3 Nc6 3. d4 cxd4 4. Nxd4 Nf6 5. Nc3 e5 6. Ndb5 d6 7. Bg5 a6 8.
Na3 b5 9. Nd5 Be7 10. Bxf6 Bxf6 11. c3 Bg5 12. Nc2 Ne7 13. h4 Bh6 14. a4 bxa4
15. Ncb4 O-O 16. Qxa4 a5 17. Nxe7+ Qxe7 18. Nd5 Qd8 19. b4 Bd7 20. b5 Be6 21.
Bc4 Kh8 22. Bb3 Qd7 23. O-O Rab8 24. Bc4 Bxd5 25. Bxd5 Qxb5 26. Qxb5 Rxb5 27.
c4 Rb2 28. Rxa5 1/2-1/2

[Event "22MCRW_F"]
[Site "?"]
[Date "2010.??.??"]
[Round "?"]
[White "Kuta, Jiri"]
[Black "Novak, Vratislav"]
[Result "1/2-1/2"]
[WhiteElo "2410"]
[BlackElo "2337"]
[PlyCount "52"]
[EventDate "2010.??.??"]
[EventType "corr"]
[EventRounds "1"]
[SourceDate "2010.03.27"]

1. e4 e5 2. Nf3 Nc6 3. Bb5 a6 4. Ba4 Nf6 5. O-O Be7 6. Re1 b5 7. Bb3 O-O 8. c3
d5 9. exd5 Nxd5 10. Nxe5 Nxe5 11. Rxe5 c6 12. d4 Bd6 13. Re1 Qh4 14. g3 Qh3 15.
Be3 Bg4 16. Qd3 Rae8 17. Nd2 Qh5 18. Bc2 f5 19. f3 Bxf3 20. Nxf3 Qxf3 21. Bd2
Qxd3 22. Bxd3 Rxe1+ 23. Rxe1 g6 24. Kf2 Kf7 25. Bc2 Re8 26. Rxe8 Kxe8 1/2-1/2

[Event "22MCRW_F"]
[Site "?"]
[Date "2010.??.??"]
[Round "?"]
[White "Hybl, Vladislav"]
[Black "Binas, Jindrich"]
[Result "1/2-1/2"]
[WhiteElo "2342"]
[BlackElo "2197"]
[PlyCount "46"]
[EventDate "2010.??.??"]
[EventType "corr"]
[EventRounds "1"]
[SourceDate "2010.03.27"]

1. d4 Nf6 2. c4 e6 3. Nc3 Bb4 4. e3 O-O 5. Bd3 d5 6. Nf3 b6 7. O-O Bb7 8. cxd5
exd5 9. a3 Bd6 10. b4 a6 11. Qb3 Qe7 12. Re1 Nbd7 13. e4 dxe4 14. Bg5 Qe6 15.
Qxe6 fxe6 16. Nxe4 Bxe4 17. Bxe4 Nxe4 18. Rxe4 a5 19. b5 Rf5 20. a4 e5 21. dxe5
Nxe5 22. Nxe5 Rxe5 23. Rxe5 Bxe5 1/2-1/2

[Event "22MCRW_F"]
[Site "?"]
[Date "2010.??.??"]
[Round "?"]
[White "Nedoma, Petr"]
[Black "Laurenc, Petr"]
[Result "1-0"]
[WhiteElo "2395"]
[BlackElo "2349"]
[PlyCount "101"]
[EventDate "2010.??.??"]
[EventType "corr"]
[EventRounds "1"]
[SourceDate "2010.03.27"]

1. e4 e5 2. Nf3 Nc6 3. Bb5 a6 4. Ba4 Nf6 5. O-O Be7 6. Re1 b5 7. Bb3 d6 8. c3
O-O 9. h3 Na5 10. Bc2 c5 11. d3 Re8 12. Nbd2 Bf8 13. Nf1 Bb7 14. Bg5 h6 15. Bh4
c4 16. Bxf6 Qxf6 17. Ne3 Rec8 18. Qe2 Qd8 19. d4 Nc6 20. dxe5 Nxe5 21. Nd4 Qg5
22. a4 Nc6 23. Nxc6 Bxc6 24. Red1 Re8 25. Qf3 Qe7 26. Nd5 Qb7 27. Rd4 Re5 28.
Nb4 Bd7 29. Qd1 Rc8 30. f4 Ree8 31. Kh2 Bc6 32. Qg4 Bd7 33. Qf3 Bc6 34. Nxc6
Qxc6 35. h4 Be7 36. h5 Red8 37. axb5 axb5 38. Rad1 Rb8 39. Rd5 Qc7 40. Qe3 Kf8
41. Qd2 Qc8 42. g3 Re8 43. Kg2 Qa6 44. g4 f6 45. g5 Kg8 46. Qe2 hxg5 47. h6 Qa7
48. e5 Bf8 49. Qh5 gxh6 50. exf6 Re6 51. fxg5 1-0

[Event "22MCRW_F"]
[Site "?"]
[Date "2010.??.??"]
[Round "?"]
[White "Schwarz, Jan"]
[Black "Hladecek, Miloslav"]
[Result "1/2-1/2"]
[WhiteElo "2312"]
[BlackElo "2416"]
[PlyCount "58"]
[EventDate "2010.??.??"]
[EventType "corr"]
[EventRounds "1"]
[SourceDate "2010.03.27"]

1. e4 e6 2. d4 d5 3. Nc3 Nf6 4. Bg5 dxe4 5. Nxe4 Nbd7 6. Nf3 Be7 7. Nxf6+ Bxf6
8. h4 h6 9. Be3 b6 10. Qd3 Bb7 11. O-O-O Qe7 12. Bf4 O-O-O 13. Qc3 Nb8 14. a3
c5 15. Ne5 g5 16. hxg5 hxg5 17. Rxh8 Bxh8 18. Bg3 Bxe5 19. dxe5 Rxd1+ 20. Kxd1
Ba6 21. Bxa6+ Nxa6 22. Ke2 Qe8 23. Qc4 Nc7 24. f3 Qc6 25. b3 Nd5 26. Qa6+ Kb8
27. Qd3 Qc7 28. Kf2 Kb7 29. Qe4 Qc6 1/2-1/2

[Event "22MCRW_F"]
[Site "?"]
[Date "2010.??.??"]
[Round "?"]
[White "Javorsky, Jan"]
[Black "Kyhos, Alois"]
[Result "1/2-1/2"]
[WhiteElo "2320"]
[BlackElo "2352"]
[PlyCount "83"]
[EventDate "2010.??.??"]
[EventType "corr"]
[EventRounds "1"]
[SourceDate "2010.03.27"]

1. d4 Nf6 2. c4 e6 3. Nf3 b6 4. g3 Bb7 5. Bg2 Be7 6. O-O O-O 7. Nc3 Ne4 8. Qc2
Nxc3 9. bxc3 f5 10. d5 Qc8 11. Nd4 c5 12. Nb3 d6 13. e4 exd5 14. cxd5 fxe4 15.
Bxe4 Qh3 16. c4 Nd7 17. f4 Rae8 18. Bb2 Bc8 19. Bg2 Qh6 20. Rae1 Nf6 21. Nd2
Bd7 22. a3 Bd8 23. Ne4 b5 24. Nxd6 Ng4 25. h3 Ne3 26. Qf2 Nxg2 27. Rxe8 Bxe8
28. Nxe8 Nxf4 29. gxf4 Rxe8 30. cxb5 Qxh3 31. Qg2 Qxg2+ 32. Kxg2 Re2+ 33. Rf2
Re3 34. Rf3 Re2+ 35. Rf2 Re3 36. Rf3 Re2+ 37. Rf2 Re3 38. Rf3 Re2+ 39. Rf2 Re3
40. Rf3 Re2+ 41. Rf2 Re3 42. Rf3 1/2-1/2

[Event "22MCRW_F"]
[Site "?"]
[Date "2010.??.??"]
[Round "?"]
[White "Sykora, Josef"]
[Black "Vozda, Jindrich"]
[Result "1-0"]
[WhiteElo "2351"]
[BlackElo "2471"]
[PlyCount "109"]
[EventDate "2010.??.??"]
[EventType "corr"]
[EventRounds "1"]
[SourceDate "2010.03.27"]

1. d4 Nf6 2. Nf3 c5 3. d5 b5 4. Bg5 Ne4 5. Bh4 Bb7 6. a4 Qa5+ 7. Nbd2 Bxd5 8.
axb5 Qc7 9. e3 e6 10. Be2 d6 11. Nxe4 Bxe4 12. O-O Be7 13. Bxe7 Kxe7 14. Qd2
Nd7 15. Qc3 Qb7 16. Ra6 h6 17. Rfa1 Rhd8 18. Ne1 f6 19. f3 Bg6 20. Qa3 Nb6 21.
c4 Rd7 22. Qa5 Nc8 23. Bd3 Bxd3 24. Nxd3 Qc7 25. b4 cxb4 26. Qxb4 Nb6 27. c5
dxc5 28. Qxc5+ Qd6 29. Qxd6+ Rxd6 30. Rxa7+ Rxa7 31. Rxa7+ Rd7 32. Rxd7+ Nxd7
33. Kf2 Kd6 34. Ke2 Nc5 35. Nf4 g5 36. Nh5 Nd7 37. e4 Kc5 38. Ng7 e5 39. Kf2
Kxb5 40. Kg3 Kc5 41. Kg4 Kd6 42. Nf5+ Ke6 43. Nxh6 Nf8 44. g3 Ng6 45. Nf5 Kf7
46. Nd6+ Ke6 47. Nb5 Ne7 48. Kh5 Kf7 49. Kh6 Nc6 50. Nd6+ Ke6 51. Nf5 Kf7 52.
h4 gxh4 53. gxh4 Nd4 54. Nd6+ Ke7 55. Kg6 1-0

[Event "22MCRW_F"]
[Site "?"]
[Date "2010.??.??"]
[Round "?"]
[White "Machotka, Jaroslav"]
[Black "Valak, Alois"]
[Result "1/2-1/2"]
[WhiteElo "2200"]
[BlackElo "2439"]
[PlyCount "169"]
[EventDate "2010.??.??"]
[EventType "corr"]
[EventRounds "1"]
[SourceDate "2010.03.27"]

1. e4 e5 2. Nf3 Nc6 3. Bb5 a6 4. Ba4 Nf6 5. O-O Be7 6. Bxc6 dxc6 7. Nc3 Bg4 8.
h3 Bh5 9. d3 Qd6 10. Qe2 Nd7 11. Qe3 Qe6 12. Nh2 g5 13. Rb1 Rg8 14. Qg3 O-O-O
15. Ng4 Bxg4 16. Qxg4 h5 17. Qxe6 fxe6 18. g3 h4 19. g4 c5 20. Be3 Nb8 21. b3
Nc6 22. Rb2 Kd7 23. Nb1 Ke8 24. Kg2 Kf7 25. Nd2 Kg6 26. a3 Rg7 27. Rfb1 b6 28.
b4 Nd4 29. Nf3 Kf6 30. Bd2 Nb5 31. Ra2 Rgg8 32. Ne1 Na7 33. Kf1 Rg7 34. Ke2 Nb5
35. c3 c4 36. dxc4 Nd6 37. Kd3 Nb5+ 38. Kc2 Nd6 39. Kb3 c5 40. Be3 Nxe4 41. Re2
b5 42. Bc1 Nd6 43. cxb5 c4+ 44. Kc2 axb5 45. a4 bxa4 46. Ra1 e4 47. Rxa4 Rgg8
48. Ra5 e5 49. Rd2 Ra8 50. Rdd5 Rxa5 51. Rxa5 Ke6 52. Be3 Bd8 53. Ra6 Kd7 54.
Kd2 Bc7 55. Bc5 Nb5 56. Nc2 Rb8 57. Ne3 Rd8 58. Nxc4 Kc8+ 59. Ke3 Rd3+ 60. Kxe4
Rxh3 61. Nxe5 Nxc3+ 62. Kf5 Rh1 63. Nf3 h3 64. Rh6 h2 65. Rh7 Bb8 66. Rh3 Bc7
67. Nxh2 Nd5 68. Kxg5 Kd7 69. Kf5 Rxh2 70. Rxh2 Bxh2 71. b5 Bf4 72. Bd4 Bc1 73.
Ke4 Ke6 74. b6 Bf4 75. b7 Bb8 76. g5 Bc7 77. Ba7 Nc3+ 78. Kd3 Nd5 79. Kd4 Be5+
80. Ke4 Nc3+ 81. Ke3 Kf5 82. g6 Nd5+ 83. Kf3 Nf6 84. g7 Ng8 85. Ke3 1/2-1/2

[Event "22MCRW_F"]
[Site "?"]
[Date "2010.??.??"]
[Round "?"]
[White "Vozda, Jindrich"]
[Black "Machotka, Jaroslav"]
[Result "0-1"]
[WhiteElo "2471"]
[BlackElo "2200"]
[PlyCount "118"]
[EventDate "2010.??.??"]
[EventType "corr"]
[EventRounds "1"]
[SourceDate "2010.03.27"]

1. e4 e5 2. Nf3 Nc6 3. Bb5 a6 4. Ba4 Nf6 5. O-O Be7 6. Re1 b5 7. Bb3 d6 8. c3
O-O 9. d4 Bb7 10. h3 Re8 11. Nbd2 exd4 12. cxd4 Na5 13. Bc2 c5 14. d5 Nd7 15.
Rb1 Bf6 16. b3 Qc7 17. Nf1 Bc8 18. N1h2 Bc3 19. Re3 b4 20. a3 Qb6 21. Nf1 Ne5
22. Rxc3 bxc3 23. Nxe5 dxe5 24. Ne3 Qg6 25. Kh2 Nb7 26. Nc4 Nd6 27. Nxd6 Qxd6
28. Qd3 f5 29. Qxc3 Bb7 30. Be3 Rac8 31. f3 Kh8 32. Bf2 Rc7 33. Rd1 f4 34. Rc1
Rec8 35. Bd3 g5 36. Qa5 Kg7 37. Rc4 h5 38. Be2 Kh7 39. Qc3 Kg6 40. Qc2 a5 41.
Ra4 Ba6 42. Rxa5 Bxe2 43. Qxe2 c4 44. b4 Kh7 45. Bc5 Qf6 46. Qxc4 g4 47. a4 Qh4
48. Qf1 Rg7 49. d6 gxh3 50. gxh3 Qf6 51. Ra6 Qe6 52. a5 Qa2+ 53. Kh1 Qd2 54. d7
Rxd7 55. Re6 Qb2 56. Qg1 Rg7 57. Qf1 Rd8 58. Re7 Rxe7 59. Bxe7 Rd2 0-1

[Event "22MCRW_F"]
[Site "?"]
[Date "2010.??.??"]
[Round "?"]
[White "Hladecek, Miloslav"]
[Black "Javorsky, Jan"]
[Result "1-0"]
[WhiteElo "2416"]
[BlackElo "2320"]
[PlyCount "81"]
[EventDate "2010.??.??"]
[EventType "corr"]
[EventRounds "1"]
[SourceDate "2010.03.27"]

1. d4 Nf6 2. Nf3 e6 3. g3 d5 4. c4 dxc4 5. Bg2 Nc6 6. Qa4 Rb8 7. Qxc4 Qd5 8.
Qa4 b5 9. Qd1 Qd7 10. O-O Bd6 11. Bg5 Ne4 12. d5 exd5 13. Qxd5 Nxg5 14. Nxg5
Ne5 15. Nc3 c6 16. Qd4 f6 17. Nf3 Nxf3+ 18. Bxf3 c5 19. Qe4+ Qe7 20. Qc2 a6 21.
a4 bxa4 22. Qxa4+ Kf8 23. Nd5 Qe8 24. Qc2 g6 25. Nxf6 Qe5 26. Ne4 Rxb2 27. Qc1
Be7 28. Ra3 Rb6 29. Qh6+ Kg8 30. Rd1 Be6 31. h4 Qb8 32. h5 Bf7 33. Rad3 Qf8 34.
Qf4 Bc4 35. Qc7 Bxd3 36. Rxd3 c4 37. Rd7 Qb8 38. Qxc4+ Kf8 39. Rc7 Qd8 40. Rc8
Kg7 41. Qc3+ 1-0

[Event "22MCRW_F"]
[Site "?"]
[Date "2010.??.??"]
[Round "?"]
[White "Laurenc, Petr"]
[Black "Schwarz, Jan"]
[Result "0-1"]
[WhiteElo "2349"]
[BlackElo "2312"]
[PlyCount "78"]
[EventDate "2010.??.??"]
[EventType "corr"]
[EventRounds "1"]
[SourceDate "2010.03.27"]

1. e4 e5 2. Nf3 Nc6 3. Bb5 a6 4. Ba4 Nf6 5. O-O Be7 6. Re1 b5 7. Bb3 O-O 8. c3
d5 9. exd5 Nxd5 10. Nxe5 Nxe5 11. Rxe5 c6 12. d4 Bd6 13. Re1 Qh4 14. g3 Qh3 15.
Be3 Be6 16. Qf3 a5 17. Bd2 Bg4 18. Qd3 Qh5 19. Na3 Nf6 20. Bd1 Bxd1 21. Raxd1
Ng4 22. h4 f5 23. Qe2 Kh8 24. f4 Qg6 25. Qf3 Bxa3 26. bxa3 Rfe8 27. a4 bxa4 28.
c4 h5 29. Qa3 Re4 30. Rxe4 fxe4 31. Qc3 Nh6 32. Kh2 Re8 33. Be1 e3 34. Rc1 Qg4
35. Qb2 Nf5 36. d5 a3 37. Qg2 Rb8 38. Bc3 cxd5 39. cxd5 Rc8 0-1

[Event "22MCRW_F"]
[Site "?"]
[Date "2010.??.??"]
[Round "?"]
[White "Binas, Jindrich"]
[Black "Nedoma, Petr"]
[Result "0-1"]
[WhiteElo "2197"]
[BlackElo "2395"]
[PlyCount "98"]
[EventDate "2010.??.??"]
[EventType "corr"]
[EventRounds "1"]
[SourceDate "2010.03.27"]

1. e4 c5 2. Nf3 Nc6 3. d4 cxd4 4. Nxd4 Nf6 5. Nc3 e5 6. Ndb5 d6 7. Bg5 a6 8.
Bxf6 gxf6 9. Na3 b5 10. Nd5 f5 11. exf5 Bxf5 12. c3 Bg7 13. Nc2 O-O 14. Nce3
Be6 15. Qh5 e4 16. Be2 Ne7 17. O-O Nxd5 18. Nxd5 Rc8 19. Nf4 Qe7 20. Nxe6 fxe6
21. a4 b4 22. Bxa6 Rc5 23. Qg4 bxc3 24. bxc3 d5 25. Rac1 Kh8 26. c4 Qd6 27. Bb5
Rf4 28. Qg3 d4 29. a5 Bf6 30. Qh3 d3 31. g3 Rff5 32. Qg4 d2 33. Rb1 e3 34. a6
Rxf2 35. Rxf2 exf2+ 36. Kxf2 Rg5 37. Qd1 Rf5+ 38. Kg2 Bd4 39. Qg4 Rf2+ 40. Kh3
e5 41. Be8 Rf8 42. Rb7 Qf6 43. Ba4 Qh6+ 44. Qh4 Qxh4+ 45. Kxh4 Ra8 46. Bc2 Rxa6
47. Rxh7+ Kg8 48. Rd7 Ra2 49. Bb3 Rb2 0-1

[Event "22MCRW_F"]
[Site "?"]
[Date "2010.??.??"]
[Round "?"]
[White "Novak, Vratislav"]
[Black "Hybl, Vladislav"]
[Result "0-1"]
[WhiteElo "2337"]
[BlackElo "2342"]
[PlyCount "98"]
[EventDate "2010.??.??"]
[EventType "corr"]
[EventRounds "1"]
[SourceDate "2010.03.27"]

1. e4 c5 2. Nf3 Nc6 3. d4 cxd4 4. Nxd4 Nf6 5. Nc3 e5 6. Ndb5 d6 7. Bg5 a6 8.
Na3 b5 9. Nd5 Be7 10. Bxf6 Bxf6 11. c4 b4 12. Nc2 a5 13. g3 O-O 14. Bg2 Bg5 15.
O-O Ne7 16. Nce3 Bxe3 17. Nxe3 Be6 18. Qd3 Qc7 19. Rfd1 Rfd8 20. Nd5 Nxd5 21.
cxd5 Bd7 22. Qe3 Rac8 23. Rac1 Qb7 24. Bf3 Rxc1 25. Rxc1 Rc8 26. Rxc8+ Qxc8 27.
h4 Qc7 28. Be2 h6 29. Bd1 a4 30. Kg2 Qc8 31. Qd3 Qc5 32. Qc2 Qb6 33. b3 a3 34.
h5 Kf8 35. Be2 Ke7 36. Qc4 Qc5 37. Qxc5 dxc5 38. f3 f5 39. Kf2 Kd6 40. Ke3 Kc7
41. Kd2 Be8 42. g4 fxg4 43. fxg4 Kb6 44. Ke3 Bd7 45. Kd2 c4 46. Bxc4 Bxg4 47.
Be2 Bd7 48. Kd3 Kc5 49. Kd2 Be8 0-1

[Event "22MCRW_F"]
[Site "?"]
[Date "2010.??.??"]
[Round "?"]
[White "Nejtek, Jiri"]
[Black "Kuta, Jiri"]
[Result "1-0"]
[WhiteElo "2449"]
[BlackElo "2410"]
[PlyCount "75"]
[EventDate "2010.??.??"]
[EventType "corr"]
[EventRounds "1"]
[SourceDate "2010.03.27"]

1. Nf3 Nf6 2. d4 d5 3. e3 c5 4. c3 Nc6 5. dxc5 a5 6. Bb5 e6 7. b4 Bd7 8. a4 Qc7
9. Ba3 Be7 10. O-O Ne4 11. Qb3 Bf6 12. Bb2 O-O 13. Nbd2 Nxd2 14. Nxd2 Rfd8 15.
Rfd1 h6 16. h3 Ne5 17. Be2 Be8 18. Qc2 Be7 19. Bb5 Nc6 20. e4 Bf8 21. exd5 Rxd5
22. Qb3 Rad8 23. Nf1 Qf4 24. Rxd5 Rxd5 25. Re1 Be7 26. Bc1 Qh4 27. Nd2 Rd8 28.
Nf3 Qf6 29. Be3 e5 30. Bf1 axb4 31. cxb4 Bd7 32. b5 Be6 33. Qc2 Nd4 34. Bxd4
exd4 35. a5 Bf8 36. a6 bxa6 37. b6 Bd5 38. Ne5 1-0

[Event "22MCRW_F"]
[Site "?"]
[Date "2010.??.??"]
[Round "?"]
[White "Bucek, Jiri"]
[Black "Pravec, Ladislav"]
[Result "1/2-1/2"]
[WhiteElo "2412"]
[BlackElo "2335"]
[PlyCount "57"]
[EventDate "2010.??.??"]
[EventType "corr"]
[EventRounds "1"]
[SourceDate "2010.03.27"]

1. e4 c5 2. Nf3 Nc6 3. d4 cxd4 4. Nxd4 Nf6 5. Nc3 e5 6. Ndb5 d6 7. Bg5 a6 8.
Na3 b5 9. Bxf6 gxf6 10. Nd5 f5 11. Bd3 Be6 12. O-O Bxd5 13. exd5 Ne7 14. c3 Bg7
15. Nc2 e4 16. Be2 O-O 17. a4 bxa4 18. Rxa4 Qb6 19. Ra2 a5 20. Qd2 Rfc8 21.
Rfa1 Qc5 22. c4 Qb6 23. Na3 Qb4 24. Qg5 Kf8 25. Bf1 a4 26. Nb5 Rcb8 27. Qc1 Ng6
28. Qc2 Rd8 29. g3 1/2-1/2

[Event "22MCRW_F"]
[Site "?"]
[Date "2010.??.??"]
[Round "?"]
[White "Kuta, Jiri"]
[Black "Bucek, Jiri"]
[Result "1/2-1/2"]
[WhiteElo "2410"]
[BlackElo "2412"]
[PlyCount "62"]
[EventDate "2010.??.??"]
[EventType "corr"]
[EventRounds "1"]
[SourceDate "2010.03.27"]

1. e4 c5 2. Nf3 d6 3. d4 cxd4 4. Nxd4 Nf6 5. Nc3 a6 6. Be3 e6 7. f3 b5 8. g4 h6
9. a3 Bb7 10. Qd2 Nbd7 11. O-O-O d5 12. exd5 Nxd5 13. Nxd5 Bxd5 14. Bg2 Rc8 15.
f4 Nf6 16. Rhe1 Be7 17. f5 Bxg2 18. Qxg2 Qd5 19. Qxd5 exd5 20. Nb3 Kd7 21. h3
Bd6 22. Bd4 Bf4+ 23. Kb1 Kd6 24. Rd3 Rhe8 25. Red1 Be5 26. Bf2 Kc6 27. Nd4+ Kb7
28. Nf3 Bf4 29. Bd4 Re2 30. Bxf6 gxf6 31. c3 Rf2 1/2-1/2

[Event "22MCRW_F"]
[Site "?"]
[Date "2010.??.??"]
[Round "?"]
[White "Hybl, Vladislav"]
[Black "Nejtek, Jiri"]
[Result "1/2-1/2"]
[WhiteElo "2342"]
[BlackElo "2449"]
[PlyCount "77"]
[EventDate "2010.??.??"]
[EventType "corr"]
[EventRounds "1"]
[SourceDate "2010.03.27"]

1. e4 e5 2. Nf3 Nc6 3. Bb5 Nf6 4. O-O Nxe4 5. d4 Nd6 6. Bxc6 dxc6 7. dxe5 Nf5
8. Qxd8+ Kxd8 9. Nc3 Bd7 10. h3 h6 11. b3 Kc8 12. Bb2 b6 13. Rad1 a5 14. Rd3
Ne7 15. Rfd1 Bf5 16. Rd8+ Kb7 17. Rxa8 Kxa8 18. Nd4 Bc8 19. e6 f6 20. Re1 Kb7
21. g4 h5 22. Nf5 hxg4 23. hxg4 Ka6 24. Kg2 c5 25. f3 Nxf5 26. gxf5 Bd6 27. Rh1
Rxh1 28. Kxh1 Bb7 29. Kg2 Bc6 30. Ne4 Kb7 31. Kh3 Kc8 32. Kg4 Be7 33. c4 a4 34.
Bc1 Bd6 35. Bf4 axb3 36. axb3 Bxf4 37. Kxf4 Be8 38. Ng3 Kd8 39. Kg4 1/2-1/2

[Event "22MCRW_F"]
[Site "?"]
[Date "2010.??.??"]
[Round "?"]
[White "Nedoma, Petr"]
[Black "Novak, Vratislav"]
[Result "1/2-1/2"]
[WhiteElo "2395"]
[BlackElo "2337"]
[PlyCount "141"]
[EventDate "2010.??.??"]
[EventType "corr"]
[EventRounds "1"]
[SourceDate "2010.03.27"]

1. e4 c6 2. d4 d5 3. e5 c5 4. dxc5 e6 5. Be3 Ne7 6. Nf3 Nf5 7. Bg5 Qa5+ 8. c3
Qxc5 9. Nbd2 h6 10. Bf4 Nd7 11. h4 Qb6 12. Nb3 a5 13. Rc1 a4 14. Nbd4 Nxd4 15.
cxd4 Be7 16. Rc2 Bb4+ 17. Bd2 O-O 18. Bxb4 Qxb4+ 19. Qd2 Qb6 20. h5 f6 21. Rh4
fxe5 22. dxe5 Rf5 23. Qc3 Qd8 24. g3 Qe8 25. Bh3 Rf7 26. Rb4 Rxf3 27. Qxf3 Nxe5
28. Qd1 Nc6 29. Rb5 Rb8 30. f4 Kh8 31. Kf2 b6 32. Rc1 Ba6 33. Bf1 Ne5 34. Rxd5
exd5 35. Bxa6 Qf7 36. Be2 Nc4 37. Qd4 Re8 38. Bf3 Qe7 39. Kg1 Qb4 40. Kh2 Qxb2+
41. Qxb2 Nxb2 42. Bxd5 b5 43. Rc5 Rb8 44. a3 Nd3 45. Rc3 Nb2 46. Rc2 Nd1 47.
Be6 Kh7 48. Kh3 Kh8 49. Kh4 Ne3 50. Rc5 Kh7 51. Bd7 b4 52. axb4 Rxb4 53. Be8
Rb8 54. Bg6+ Kg8 55. Ra5 Kf8 56. Rxa4 Nd5 57. g4 Rc8 58. Ra5 Ne7 59. Be4 Ng8
60. Bf5 Rd8 61. g5 Ne7 62. Be6 Nc6 63. Ra6 hxg5+ 64. fxg5 Ne5 65. g6 Ke7 66.
Kg5 Rd6 67. Rxd6 Kxd6 68. Kf5 Nc6 69. Bf7 Ne7+ 70. Ke4 Nc6 71. h6 1/2-1/2

[Event "22MCRW_F"]
[Site "?"]
[Date "2010.??.??"]
[Round "?"]
[White "Javorsky, Jan"]
[Black "Laurenc, Petr"]
[Result "0-1"]
[WhiteElo "2320"]
[BlackElo "2349"]
[PlyCount "136"]
[EventDate "2010.??.??"]
[EventType "corr"]
[EventRounds "1"]
[SourceDate "2010.03.27"]

1. d4 d5 2. c4 c6 3. Nc3 Nf6 4. Nf3 e6 5. e3 Nbd7 6. Qc2 Bd6 7. b3 O-O 8. Be2
b6 9. Bb2 Bb7 10. O-O Qe7 11. Rad1 Rad8 12. Bd3 Rfe8 13. h3 e5 14. cxd5 cxd5
15. dxe5 Nxe5 16. Nd4 Nxd3 17. Qxd3 g6 18. Nf3 Bc5 19. Na4 d4 20. Nxd4 Bd6 21.
Rc1 Bb8 22. Rfe1 Qd6 23. f4 g5 24. Qf1 Ne4 25. Rcd1 Ng3 26. Qf2 gxf4 27. exf4
Qxf4 28. Qxf4 Bxf4 29. Nc3 Rxe1+ 30. Rxe1 h5 31. Nd1 Bd6 32. Ne3 Bc5 33. Kh2 h4
34. Rd1 Kh7 35. Nf3 Re8 36. Bd4 Bd6 37. Kg1 Bf4 38. Kf2 Ne4+ 39. Kf1 Ba6+ 40.
Nc4 Bg3 41. a4 Nd6 42. Rc1 Rc8 43. Nfd2 Rd8 44. Nf3 Rc8 45. Nfd2 Nb7 46. Kg1
Na5 47. Be3 Nxb3 48. Nxb3 Rxc4 49. Rxc4 Bxc4 50. Nd4 a6 51. Bg5 b5 52. axb5
axb5 53. Nf5 b4 54. Nxh4 Bd5 55. Nf5 b3 56. Bc1 Be5 57. Kf2 b2 58. Bxb2 Bxb2
59. g4 Bf6 60. Kg3 Be5+ 61. Kh4 Bf4 62. Kh5 Be4 63. Nd4 Be3 64. Nf5 Bxf5 65.
gxf5 Kg7 66. Kg4 Bc1 67. Kf3 Kf6 68. Kg4 Bg5 0-1

[Event "22MCRW_F"]
[Site "?"]
[Date "2010.??.??"]
[Round "?"]
[White "Sykora, Josef"]
[Black "Hladecek, Miloslav"]
[Result "0-1"]
[WhiteElo "2351"]
[BlackElo "2416"]
[PlyCount "72"]
[EventDate "2010.??.??"]
[EventType "corr"]
[EventRounds "1"]
[SourceDate "2010.03.27"]

1. d4 Nf6 2. Nf3 c5 3. d5 b5 4. Bg5 Qa5+ 5. c3 b4 6. Bxf6 gxf6 7. Nfd2 d6 8.
Nc4 Qc7 9. cxb4 cxb4 10. Qa4+ Nd7 11. Nbd2 Bh6 12. g3 O-O 13. Bg2 Ne5 14. Nxe5
fxe5 15. e3 Qb7 16. Nc4 a5 17. O-O f5 18. Rac1 Bd7 19. Qd1 e4 20. Qh5 Bg7 21.
Qg5 Rf6 22. b3 a4 23. f3 axb3 24. axb3 exf3 25. Rxf3 Ra3 26. Rf2 Qa7 27. Nxa3
bxa3 28. Rcc2 f4 29. gxf4 Qxe3 30. Qg3 Qa7 31. Be4 Qd4 32. Qf3 Rh6 33. Qe2 Rh3
34. Bf3 Bf5 35. Kh1 Rxf3 36. Rxf3 Qe4 0-1

[Event "22MCRW_F"]
[Site "?"]
[Date "2010.??.??"]
[Round "?"]
[White "Machotka, Jaroslav"]
[Black "Kyhos, Alois"]
[Result "1-0"]
[WhiteElo "2200"]
[BlackElo "2352"]
[PlyCount "81"]
[EventDate "2010.??.??"]
[EventType "corr"]
[EventRounds "1"]
[SourceDate "2010.03.27"]

1. e4 g6 2. d4 Bg7 3. Nc3 d6 4. Nf3 Nf6 5. h3 O-O 6. Be3 c6 7. Bd3 Nbd7 8. O-O
e5 9. a4 b6 10. Qd2 Qc7 11. dxe5 Nxe5 12. Be2 Rd8 13. Rfd1 Bb7 14. Bg5 a6 15.
Qf4 Qe7 16. Nxe5 dxe5 17. Qe3 Qc7 18. a5 b5 19. Qb6 Qxb6 20. axb6 h6 21. Be3
Rac8 22. f3 Bf8 23. Na2 Nd7 24. c4 Be7 25. cxb5 cxb5 26. Rac1 Nf8 27. Rxc8 Rxc8
28. Nc1 Kg7 29. Nd3 Nd7 30. b4 Ba8 31. f4 Rb8 32. Nc5 Nxc5 33. bxc5 exf4 34.
Bf2 Rc8 35. Kf1 Bc6 36. Bf3 b4 37. Bd4+ Kh7 38. e5 Bxf3 39. gxf3 Bxc5 40. Bxc5
Rxc5 41. e6 1-0

[Event "22MCRW_F"]
[Site "?"]
[Date "2010.??.??"]
[Round "?"]
[White "Valak, Alois"]
[Black "Vozda, Jindrich"]
[Result "1/2-1/2"]
[WhiteElo "2439"]
[BlackElo "2471"]
[PlyCount "64"]
[EventDate "2010.??.??"]
[EventType "corr"]
[EventRounds "1"]
[SourceDate "2010.03.27"]

1. e4 e5 2. Nf3 Nc6 3. Bb5 a6 4. Ba4 Nf6 5. O-O Be7 6. Re1 b5 7. Bb3 O-O 8. c3
d5 9. exd5 Nxd5 10. Nxe5 Nxe5 11. Rxe5 c6 12. d4 Bd6 13. Re1 Qh4 14. g3 Qh3 15.
Be3 Bg4 16. Qd3 Rae8 17. Nd2 Qh5 18. Bc2 Re6 19. Ne4 Be7 20. Nc5 Bxc5 21. dxc5
Rfe8 22. Bd2 Nf6 23. Rxe6 Bxe6 24. Re1 Qxc5 25. a3 h6 26. Be3 Bd5 27. Bxc5
Rxe1+ 28. Qf1 Rxf1+ 29. Kxf1 Be4 30. Bd1 Nd7 31. Bd4 c5 32. Be3 Kf8 1/2-1/2

[Event "22MCRW_F"]
[Site "?"]
[Date "2010.??.??"]
[Round "?"]
[White "Hladecek, Miloslav"]
[Black "Machotka, Jaroslav"]
[Result "1/2-1/2"]
[WhiteElo "2416"]
[BlackElo "2200"]
[PlyCount "72"]
[EventDate "2010.??.??"]
[EventType "corr"]
[EventRounds "1"]
[SourceDate "2010.03.27"]

1. d4 Nf6 2. Nf3 g6 3. c4 Bg7 4. Nc3 O-O 5. e4 d6 6. Be2 Bg4 7. O-O Nfd7 8. Rb1
Nc6 9. Be3 e5 10. d5 Bxf3 11. Bxf3 Nd4 12. Bg4 c5 13. dxc6 bxc6 14. Bh3 Nc5 15.
b4 Nce6 16. Bxe6 fxe6 17. Qd3 c5 18. b5 a6 19. bxa6 Qa5 20. Rb2 Rfb8 21. Nb5
Rxa6 22. Ra1 Qd8 23. a4 Bf6 24. Bd2 Bg5 25. Be3 Bf4 26. Qd2 Bxe3 27. fxe3 Nc6
28. Qd3 Nb4 29. Qf1 Qe7 30. Rd2 Rd8 31. Qe1 Nc6 32. Rad1 Na7 33. Qg3 Rxa4 34.
Rxd6 Rxd6 35. Nxd6 Nc6 36. h4 Ra8 1/2-1/2